Solutions manual Vol-1, Chapters 1-14 to accompany Accounting the basis for business decision (Record no. 12821)

000 -LEADER
fixed length control field 00472nam a22001697a 4500
020 ## - INTERNATIONAL STANDARD BOOK NUMBER
International Standard Book Number 0073038997
082 ## - DEWEY DECIMAL CLASSIFICATION NUMBER
Classification number 657.046 WIL
100 ## - MAIN ENTRY--PERSONAL NAME
Personal name Williams, Jan R.
245 ## - TITLE STATEMENT
Title Solutions manual Vol-1, Chapters 1-14 to accompany Accounting the basis for business decision
250 ## - EDITION STATEMENT
Edition statement 11th ed.
260 ## - PUBLICATION, DISTRIBUTION, ETC.
Place of publication, distribution, etc. Boston
Name of publisher, distributor, etc. McGraw-Hill
Date of publication, distribution, etc. 1999
300 ## - PHYSICAL DESCRIPTION
Extent xi, 307 p.
Other physical details ill. ;
500 ## - GENERAL NOTE
General note Includes index.
650 ## - SUBJECT ADDED ENTRY--TOPICAL TERM
Topical term or geographic name entry element Accounting
700 ## - ADDED ENTRY--PERSONAL NAME
Personal name Meigs, Robert F. et all.
942 ## - ADDED ENTRY ELEMENTS (KOHA)
Koha item type Book
Holdings
Withdrawn status Lost status Damaged status Not for loan Collection code Permanent Location Current Location Shelving location Date acquired Source of acquisition Cost, normal purchase price Total Checkouts Total Renewals Full call number Barcode Date last seen Date last checked out Price effective from Koha item type
          Central Library (CL) Central Library (CL) General Stacks 04/15/2014 Donation 0.00 4 3 657.046 WIL SEECSD01009 06/02/2023 02/11/2023 04/13/2014 Book
© 2023 Central Library, National University of Sciences and Technology. All Rights Reserved.